| 000 | 00685aas a2200229 4500 | ||
|---|---|---|---|
| 999 |
_c2865 _d2865 |
||
| 003 | BR-BrBNA | ||
| 005 | 20230317233626.0 | ||
| 007 | ta | ||
| 008 | 230119b bl ||||| |||| 00| 0 por d | ||
| 022 | _a1413-2834 | ||
| 035 | _a000485-5 | ||
| 040 |
_aBR-BrBNA _bPor _cBR-BrBNA |
||
| 042 | _aN | ||
| 044 | _abl | ||
| 245 | _aEscala Rural (Brazil) | ||
| 260 |
_aSão Paulo - SP _bEditora Escala Ltda. _cS/D _eB |
||
| 270 | _aRua Zanzibar, 711 Casa Verde - Cep: 02512-010 - Tel: (011)3966.3166 - Fax (011)3857.9643 | ||
| 310 | _amensal | ||
| 505 | _aS/D 1(2,3,3,4,,5-10); S/D 2(5,8-12); S/D 3(13-16,18-20), s/d 3(21-23); S/D 4(25); 2004 5(30); | ||
| 909 |
_a56 _bSergio Santos _c56 _dSergio Santos |
||
| 942 |
_cCR _2AGRIS |
||